| 000 | 00443cab a2200205 4500 | ||
|---|---|---|---|
| 001 | X522 | ||
| 008 | 090401t xxu||||| |||| 00| 0 eng d | ||
| 035 | _a(Sirsi) u66167 | ||
| 041 | _aeng | ||
| 100 | _aEnsom, T. | ||
| 245 | _aTerrorism and insurance | ||
| 350 | _a0 | ||
| 650 |
_aInsurance _96249 |
||
| 650 | _aJCT | ||
| 650 | _aTERRORISM COVER | ||
| 650 | _aTERRORISM | ||
| 690 |
_aInsurance _96249 |
||
| 942 | _n0 | ||
| 948 | _c04/03/1997 | ||
| 999 |
_c41363 _d41363 |
||